000 01178nam a2200277Ia 4500
005 20220317001234.0
008 160825s2000 ck a g 000 0 spa
020 _a9586640353
082 0 4 _aR 708.074
_bB31f
110 2 _aBiblioteca Luis Ángel Arango. Bogotá
_968042
245 1 0 _aFanny Sanín 1987 -1999
_bcolor y simetria
_cBiblioteca Luis Ángel Arango ; textos de Germán Rubiano, José Ignacio Roca
250 _a1a. edición
300 _a105 páginas
_bilustraciones
_c21 cm
500 _aExposición realizada entre marzo 8 a junio 11 de 2000. Incluye biografía de Fanny Sanín. Texto en español e inglés
600 1 4 _aSanin, Fanny
_d1938-
_vExposiciones
_vCatálogos
_968043
610 2 _aBiblioteca Luis Ángel Arango (Bogotá)
_vExposiciones
_968044
650 1 4 _2LEMB
_aPintura colombiana
_vExposiciones
_vCatálogos
700 1 _aRubiano, Germán
_968046
700 1 _aStrong, Jim Sasson, Mayer
_968047
942 _2ddc
_cREF
264 _aBogotá
_bBiblioteca Luis Ángel Arango
_c2000
336 _atexto
_btxt
_2rdacontent
337 _asin mediación
_bn
_2rdamedia
338 _avolumen
_bnc
_2rdacarrier
040 _aCO-BoRNBP
_bspa
_erda
_cCO-BoRNBP
999 _c6349
_d6349